Quick Pick: Walt Disney World Rides Quiz Stats

 Plays Quiz Updated Aug 14, 2018

Score 0/13 Timer 01:30
0 Plays Today
% Correct
The Haunted Mansion
79.9%
Big Thunder Mountain Railroad
79.9%
Buzz Lightyear's Space Ranger Spin
74.9%
The Many Adventures of Winnie the Pooh
72.1%
Rock n' Roller Coaster Starring Aerosmith
71.1%
Spaceship Earth
69.5%
Expedition Everest
69.2%
Kali River Rapids
63.6%
Journey into Imagination with Figment
59.9%
Avatar Flight of Passage
59.5%
Living with the Land
56.7%
Na'vi River Journey
55.7%
The Barnstormer
54.9%

Today's Daily Dose

You're not logged in!

Compare scores with friends on all Sporcle quizzes.
OR
Log In

Sporcle TV

Today on Sporcle TV


Watch our educational content, quiz creation guides, and fun videos on Sporcle TV.

Show Comments

Extras

Top Quizzes Today


Score Distribution

Your Account Isn't Verified!

In order to create a playlist on Sporcle, you need to verify the email address you used during registration. Go to your Sporcle Settings to finish the process.

Report this User

Report this user for behavior that violates our Community Guidelines.

Details: